header

AN INTRODUCTION TO GENETIC ANALYSIS (Record no. 251844)

MARC details
000 -LEADER
fixed length control field 00286nam a22001217a 4500
020 ## - INTERNATIONAL STANDARD BOOK NUMBER
ISBN 0716735202
100 ## - MAIN ENTRY--AUTHOR NAME
Personal name ANTHONY J. F. GRIFFITHS
245 ## - TITLE STATEMENT
Title AN INTRODUCTION TO GENETIC ANALYSIS
250 ## - EDITION STATEMENT
Edition statement SEVENTH
260 ## - PUBLICATION, DISTRIBUTION, ETC. (IMPRINT)
Place of publication U.S.A
Name of publisher W.H. FREEMAN
Year of publication 2000
300 ## - PHYSICAL DESCRIPTION
Number of Pages 860
Other physical details ILL
942 ## - ADDED ENTRY ELEMENTS (KOHA)
Koha item type Long Loan Books
Holdings
Withdrawn status Lost status Collection code Home library Current library Shelving location Date acquired Full call number Accession Number Koha item type
    Non-fiction Rongo University Library Rongo University Library General Stacks 14/01/2016 QH430.162 1999 20154081 Long Loan Books

© 2026 Rongo University
Contact us: librarian | system librarian | Rongo university